000 00307nam a2200109Ia 4500
008 220204s9999 xx 000 0 und d
082 _a330.1
_bGAN
100 _aGANGULI, B N
245 0 _aIndian economic thought: Nineteenth centrury perspectives
260 _aNew Delhi
_bTata McGraw Hill
_c1978
942 _cBK
999 _c33110
_d33110